Introduction to embedded systems : using microcontollers and the MSP430
Αποθηκεύτηκε σε:
| Κύριος συγγραφέας: | |
|---|---|
| Άλλοι συγγραφείς: | , |
| Μορφή: | Βιβλίο |
| Γλώσσα: | English |
| Δημοσίευση: |
New York :
Springer,
c2014.
|
| Θέματα: | |
| Ετικέτες: |
Προσθήκη ετικέτας
Δεν υπάρχουν, Καταχωρήστε ετικέτα πρώτοι!
|
MARC
| LEADER | 00000nam a2200000 a 4500 | ||
|---|---|---|---|
| 001 | 1/107519 | ||
| 008 | 150717t2014####nyu| ||| |||| ||eng|| | ||
| 020 | |a 9781461431428 | ||
| 040 | |a GR-MyUa |b gre |c GR-MyUa |e AACR2 | ||
| 041 | 0 | |a eng | |
| 082 | 7 | |a 006.22 |2 (23) | |
| 100 | 1 | |a Jimenez, Manuel. | |
| 245 | 1 | 0 | |a Introduction to embedded systems : |b using microcontollers and the MSP430 / |c Manuel Jimenez, Rogelio Palomera, Isidoro Couvertier. |
| 260 | |a New York : |b Springer, |c c2014. | ||
| 300 | |a xxiii, 648 σ. : |b σχέδια, πιν. ; |c 24 εκ. | ||
| 504 | |a Βιβλιογραφία: σ. 631-634. Ευρετήριο. | ||
| 650 | 0 | |a Embedded computer systems | |
| 700 | 1 | |a Palomera, Rogelio. | |
| 700 | 1 | |a Couvertier, Isidoro. | |
| 852 | |a INST |b SAMOS |e 20150717 |h 006.22 JIM |p 005300042429 |q 005300042429 |t BK |y 0 | ||
| 922 | |a 3ΕΛΗ |b 201504 |c ΤΜΠΕΣ |d Διαδρομές | ||
| 970 | |a Κοσιέρης |b Χρήστος |z 17-07-2015 | ||